Quiz di cultura generale #11 - Statistics

Statistiche generali
  • Questo quiz è stato fatto 1.636 volte
  • Il punteggio medio è 13 su 20
Statistiche sulle risposte
DOMANDA RISPOSTA % Corretto
Quale nazione ha come capitale Il Cairo? Egitto
94%
Di quale materiale sono le nozze dopo 25 anni di matrimonio? Argento
90%
Quale azienda produce la nutella e l'estathè? Ferrero
89%
Di quale grado è l'equazione: ax2+bx+c? Secondo
86%
Qual è la religione più seguita in India? Induismo
85%
Com'è meglio conosciuto Dwayne Johnson? The Rock/Rock
83%
In quale nazione odierna si è combattuta la Guerra del Peloponneso? Grecia
80%
Quale lettera/e non è/sono presente/i nella tavola periodica? J/Q
78%
Quale re era conosciuto come Re Sole? Luigi XIV
72%
Qual è l'unico animale non reale dei 12 che fanno parte del calendario cinese? Drago
71%
In quale regione si trova Cortina d'Ampezzo? Veneto
69%
Cosa era proibito negli USA durante il Proibizionismo? Vendita di alcool/Alcool
60%
Chi è stato il primo imperatore romano cristiano? Costantino
56%
Quale grande uccello, simile allo struzzo, si trova in Australia? Emù
53%
Chi ha preso in giro e interpretato Adolf Hitler nel film "Il Grande Dittatore"? Charlie Chaplin/Chaplin
49%
Il mercato azionario di quale paese ha chiuso nel 1917 e non si è riaperto fino al 1992? Russia
42%
La principessa Anna è stata il primo membro della famiglia reale britannica a partecipare alle Olimpiadi. A che sport ha partecipato? Equitazione
40%
Chi è l'autore del primo giro del mondo? Ferdinando Magellano/Magellano
34%
In quale nazione si trova Angkor Wat? Cambogia
23%
Qual è la capitale di Queensland, in Australia? Brisbane
18%
Nessun quiz corrispondente trovato
Distribuzione punteggi
Percentuale di utenti per punteggio
Percentile per numero di risposta
I tuoi punteggi nel tempo
Non hai fatto questo quiz